| 000 | 00937nas a2200289 4500 | ||
|---|---|---|---|
| 001 | BR2015000579 | ||
| 003 | BR-BrBNA | ||
| 005 | 20231205124945.0 | ||
| 007 | ta | ||
| 008 | 230509b bl.|||p| |||| 00| 00por d | ||
| 040 |
_aBR-BrBNA _bpor _cBiblioteca Nacional de Agricultura |
||
| 041 | _a(Pt) | ||
| 072 | _aF61 | ||
| 100 | 1 | _aPereira, C.S. | |
| 100 | 1 | _aSouza, F.L.F. de | |
| 100 | 1 | _aGodoi, C.A. | |
| 245 | 1 | _aAplicação de extrato etanólico de própolis (EEP)na nutrição e desenvolvimento de mudas de cafeeiro | |
| 246 | 1 | _aApplication of ethanol extract of propolis (EEP)in nutrition and development of coffee seedlings | |
| 650 | _aCAFE | ||
| 650 | _aNUTRICAO MINERAL | ||
| 650 | _aPROPOLIS | ||
| 650 | _aCRESCIMENTO | ||
| 650 | _aMUDA | ||
| 773 | 0 |
_tCoffee Science (Brazil) _xISSN 1809-6875 _g(Jan-Mar 2014), v. 9(1) p. 14-23 _wBR2015000579 |
|
| 909 |
_a202311 _bLúcia _c55 _dLúcia Elande |
||
| 942 |
_2AGRIS _n0 _cANA |
||
| 999 |
_c241839 _d241839 |
||